• 首页
  • 本馆介绍
  • 公告通知
  • 最新文献
  • 馆藏检索
  • 电子资源
  • 读者导购
  • 参考咨询
  • 我的图书馆
  • 登录
  • 详细信息显示
  • 放入我的书架
  • 预约/预借图书
  • 作者相关作品
  • 分类相关作品
  • 丛书相关作品
  • 出版社相关作品

书目信息

  • 表格格式
  • 工作单格式
  • 卡片格式
书名: 转换生成语法教程
作者: [英]Andrew Radford著.
分册号: [专著] /
分册名:
出版地: 北京 :
 
出版社: 外语教学与研究出版社
出版时间: 2000.
页数: 36,630页 ;
开本: 23cm.
丛书名: 当代国外语言学与应用语言学文库
中图分类号:
科图分类号:
其他分类号: H04
主题词:
电子资源:
000 00828nam 2200253 a 4500
001 E0739167673
005 20070819105317.23
008 010720d2000 ch 0 chi0
020    @a7-5600-2009-7 :@cCNY56.90.
040    @aNLC@bchi
041    @aeng
090    @aH043 @v4
090    @aH04
099    @dH04@ex177
100 1  @aRadford @cAndrew @4著
245 10 @a转换生成语法教程@h[专著] / @c[英]Andrew Radford著.
246  1 @aTransformational Grammar @bA First Course
260 1  @a北京 :@b外语教学与研究出版社,@c2000.
300    @a36,630页 ;@c23cm.
440  0 @a当代国外语言学与应用语言学文库
520    @a本书是专为初学句法理论的人写的教程。全书主要涵盖四个方面的内容:语言学研究的目标、句法结构及其表达、词库的内容和作用、转换规则及其条件。
650 04 @a句法结构
650 04 @a句法结构
700 1  @a王立第 @4导读
    
    转换生成语法教程 [[专著] / ] / [英]Andrew Radford著.-北京 : : 外语教学与研究出版社, , 2000.
    36,630页 ; ; 23cm.- (当代国外语言学与应用语言学文库 )
    本书是专为初学句法理论的人写的教程。全书主要涵盖四个方面的内容:语言学研究的目标、句法结构及其表达、词库的内容和作用、转换规则及其条件。
    
    ISBN 7-5600-2009-7 :CNY56.90.
    本书是专为初学句法理论的人写的教程。全书主要涵盖四个方面的内容:语言学研究的目标、句法结构及其表达、词库的内容和作用、转换规则及其条件。
●
相关链接 在E读中查询图书 在五车中查询图书 在当当中查询图书 在豆瓣中查询图书


正题名:转换生成语法教程     索取号:H04/x177         预约/预借

序号 登录号 条形码 馆藏地/架位号 状态 备注
1 0016913   300169136   第二样本阅览室/ [索取号:H04/x177] 在馆    
2 0016914   300169145   第四借阅区/ [索取号:H04/x177] 在馆    
3 0016915   300169154   第四借阅区/ [索取号:H04/x177] 在馆    
4 0016916   300169163   第四借阅区/ [索取号:H04/x177] 在馆    
5 0016917   300169172   第四借阅区/ [索取号:H04/x177] 在馆    
唐山师范学院图书馆 欢迎您!
大连网信软件有限公司© 版权所有